|
|
|
|
| LEADER |
00000naa2a2200000 4500 |
| 001 |
619175 |
| 005 |
20260307161646.0 |
| 035 |
|
|
|a (RuTPU)RU\TPU\conf\17579
|
| 035 |
|
|
|a RU\TPU\conf\17577
|
| 090 |
|
|
|a 619175
|
| 100 |
|
|
|a 20160811d2016 k y0rusy50 ca
|
| 101 |
0 |
|
|a rus
|
| 102 |
|
|
|a RU
|
| 105 |
|
|
|a y z 101zy
|
| 135 |
|
|
|a drgn ---uucaa
|
| 181 |
|
0 |
|a i
|
| 182 |
|
0 |
|a b
|
| 200 |
1 |
|
|a Ячеечная модель процесса разделения трансплутониевых и редкоземельных элементов методом вытеснительной ионообменной комплексообразующей хроматографии
|f А. И. Гожимов, Ю. А. Чурсин
|
| 203 |
|
|
|a Текст
|c электронный
|
| 225 |
1 |
|
|a Математическое моделирование в фундаментальных и прикладных исследованиях
|
| 300 |
|
|
|a Заглавие с экрана
|
| 320 |
|
|
|a [Библиогр.: с. 91 (2 назв.)]
|
| 463 |
|
0 |
|0 (RuTPU)RU\TPU\conf\17455
|t Физико-технические проблемы в науке, промышленности и медицине
|o сборник тезисов докладов VIII Международной научно-практической конференции, г. Томск, 1-3 июня 2016 г.
|f Национальный исследовательский Томский политехнический университет (ТПУ) ; под ред. О. Ю. Долматова [и др.]
|v [С. 90-91]
|d 2016
|
| 610 |
1 |
|
|a труды учёных ТПУ
|
| 610 |
1 |
|
|a электронный ресурс
|
| 610 |
1 |
|
|a ячеечные модели
|
| 610 |
1 |
|
|a разделение
|
| 610 |
1 |
|
|a трансплутониевые элементы
|
| 610 |
1 |
|
|a редкоземельные элементы
|
| 610 |
1 |
|
|a ионообменная хроматография
|
| 610 |
1 |
|
|a хроматография
|
| 610 |
1 |
|
|a математическое моделирование
|
| 610 |
1 |
|
|a замкнутые циклы
|
| 610 |
1 |
|
|a ядерные топливные циклы
|
| 700 |
|
1 |
|a Гожимов
|b А. И.
|c физик
|c техник Томского политехнического университета
|f 1991-
|g Александр Игоревич
|3 (RuTPU)RU\TPU\pers\34901
|
| 701 |
|
1 |
|a Чурсин
|b Ю. А.
|c специалист в области физических установок
|c доцент Томского политехнического университета
|f 1984-
|g Юрий Александрович
|3 (RuTPU)RU\TPU\pers\25742
|
| 712 |
0 |
2 |
|a Национальный исследовательский Томский политехнический университет
|c (2009- )
|9 26305
|
| 801 |
|
2 |
|a RU
|b 63413507
|c 20160826
|g RCR
|
| 856 |
4 |
|
|u http://earchive.tpu.ru/handle/11683/31214
|
| 942 |
|
|
|c BK
|